Tratado de astronomía esférica / (Record no. 152801)

MARC details
000 -LEADER
campo de control de longitud fija 00937nam a2200229 4500
001 - NÚMERO DE CONTROL
campo de control 152801
003 - IDENTIFICADOR DE NÚMERO DE CONTROL
campo de control ES-MaACL
005 - FECHA Y HORA DE LA ÚLTIMA TRANSACCIÓN
campo de control 20250905142223.0
008 - DATOS DE LONGITUD FIJA--INFORMACIÓN GENERAL
campo de control de longitud fija 950405s1869 sp f |||| | spa d
040 ## - FUENTE DE CATALOGACIÓN
Centro catalogador/agencia de origen EUS
Lengua de catalogación spa
Centro/agencia transcriptor EUS
100 1# - ENTRADA PRINCIPAL--NOMBRE DE PERSONA
Nombre de persona Brünnow, Friedrich.
9 (RLIN) 221930
245 10 - MENCIÓN DEL TÍTULO
Título Tratado de astronomía esférica /
Mención de responsabilidad, etc. del Dr. F. Brünnow ; traducido de la segunda edición alemana por Rafael Pardo de Figueroa y Manuel Villavicencio y Olaguer.
260 ## - PUBLICACIÓN, DISTRIBUCIÓN, ETC.
Lugar de publicación, distribución, etc. Cádiz :
Nombre del editor, distribuidor, etc. [s.n.],
Fecha de publicación, distribución, etc. 1869 (
Fabricante Imprenta de la Revista Médica)
300 ## - DESCRIPCIÓN FÍSICA
Extensión [1] h. de lám., XL, 602 p. ;
Dimensiones 24 cm.
599 ## - NOTA A LAS ILUSTRACIONES
NOTA A LAS ILUSTRACIONES La h. de grab. lit.: "Lasnier Lith. Imp. Lemercier & Cie. París"
650 ## - PUNTO DE ACCESO ADICIONAL DE MATERIA--TÉRMINO DE MATERIA
Término de materia o nombre geográfico como elemento de entrada Astronomía esférica.
9 (RLIN) 135647
700 1# - ENTRADA AGREGADA--NOMBRE PERSONAL
Nombre de persona Pardo de Figueroa, Rafael.
9 (RLIN) 88992
700 1# - ENTRADA AGREGADA--NOMBRE PERSONAL
Nombre de persona Villavicencio y Olaguer, Manuel,
Títulos y otros términos asociados al nombre Conde del Cañete del Pinar
9 (RLIN) 115193
852 ## - LOCALIZACIÓN
Ubicación ES-MaACL
Número de control de estantería B-885
Nota libre -- Enc. hol.
Holdings
Estatus retirado Estado de pérdida Estado de daño No para préstamo Colección Biblioteca de origen Biblioteca actual Ubicación en estantería Fecha de adquisición Fuente de adquisición Total de préstamos Signatura topográfica completa Código de barras Visto por última vez Precio de reemplazo Tipo de ítem Koha
        Libros del s. XIX Biblioteca del Ateneo de Madrid Biblioteca del Ateneo de Madrid Sala Pardo Bazán 17/01/2008     B-885 1159585 23/02/2023 23/02/2023 Libro impreso antiguo